000
00298 a2200145 4500
001
194966
040
_c
Magnum
100
_a
Porto, Cristina
240
1
0
_a
Joana banana
_l
por
245
1
0
_a
Joana banana
300
_a
53
440
1
_a
Ática
697
_a
LITERATURA INFANTO-JUVENIL
942
_c
BK
999
_c
194966
_d
194966